000 00820nam a22002657a 4500
005 20251108170524.0
008 250721s1999 xx 000 0 ara d
082 1 4 _a657/زيد
100 1 _aأبو زيد، كمال خليفة
245 1 0 _aمحاسبة الزكاة /
264 1 _aالإسكندرية :
_bالدار الجامعية،
_c1999.
300 _a383ص
650 1 7 _aالمحاسبة
650 1 7 _aالزكاة
650 1 7 _aالمحاسبة الإسلامية
650 1 7 _aزكاة الأسهم
650 1 7 _aالسندات
650 1 7 _aزكاة التجارة
650 1 7 _aالنقود
650 1 7 _aزكاة المعادن و الركاز
650 1 7 _aزكاة الزروع و الثمار
700 1 _aحسين، أحمد حسين علي
942 _2ddc
_cBK
999 _c42544
_d42544